Методические подходы к оптимизации лекарственного обеспечения пострадавших при дорожно-транспортных происшествиях (Запись № 876211)

Подробности
000 -МАРКЕР
контрольное поле 03490nam0a2200589 4500
001 - ИДЕНТИФИКАТОР ЗАПИСИ
контрольное поле RU\NLR\bibl\1652083
005 - ИДЕНТИФИКАТОР ВЕРСИИ
контрольное поле 20260406134857.0
010 ## - МЕЖДУНАРОДНЫЙ СТАНДАРТНЫЙ НОМЕР КНИГИ (ISBN)
Номер (ISBN) 978-5-89895-385-0
Тираж 100
021 ## - НОМЕР ГОСУДАРСТВЕННОЙ РЕГИСТРАЦИИ
Код страны Российская Федерация
Номер 2010-39877
Номер Листа государственной регистраци 2671
035 ## - ДРУГИЕ СИСТЕМНЫЕ НОМЕРА
Идентификатор записи (nilc)LIBNET\0000042008
035 ## - ДРУГИЕ СИСТЕМНЫЕ НОМЕРА
Идентификатор записи 1VIL\RUSMED\0000170627
035 ## - ДРУГИЕ СИСТЕМНЫЕ НОМЕРА
Идентификатор записи (NLR Aleph) 001643402
100 ## - ДАННЫЕ ОБЩЕЙ ОБРАБОТКИ
Данные общей обработки 20100603d2010 |||y0rusy50 ca
101 0# - ЯЗЫК РЕСУРСА
Язык текста, звукозаписи и т.д. русский
102 ## - СТРАНА ПУБЛИКАЦИИ ИЛИ ПРОИЗВОДСТВА
Страна публикации Российская Федерация
105 ## - ПОЛЕ КОДИРОВАННЫХ ДАННЫХ: ТЕКСТОВЫЕ МАТЕРИАЛЫ, МОНОГРАФИЧЕСКИЕ
Кодированные данные о монографическом текстовом документе a |||||||||
200 1# - ЗАГЛАВИЕ И СВЕДЕНИЯ ОБ ОТВЕТСТВЕННОСТИ
Основное заглавие Методические подходы к оптимизации лекарственного обеспечения пострадавших при дорожно-транспортных происшествиях
Первые сведения об ответственности Мельникова О.А., Петров А.Ю., Попов В.П., Колясников О.В.
Последующие сведения об ответственности М-во здравоохранения и соц. развития РФ, ГОУ ВПО Урал. гос. мед. акад.
210 ## - ПУБЛИКАЦИЯ, РАСПРОСТРАНЕНИЕ И ДР.
Место издания, распространения и т.д. Екатеринбург
Имя издателя, распространителя и т. д. УГМА
Дата издания, распространения и т.д. 2010
215 ## - ФИЗИЧЕСКАЯ ХАРАКТЕРИСТИКА
Специфическое обозначение материала и объем 179 с.
Другие сведения о физической характеристике ил.
Размеры 21
320 ## - ПРИМЕЧАНИЯ О НАЛИЧИИ В ДОКУМЕНТЕ БИБЛИОГРАФИИ / УКАЗАТЕЛЯ
Текст примечания Библиогр.: с. 178-179 (15 назв.)
606 1# - НАИМЕНОВАНИЕ ТЕМЫ КАК ПРЕДМЕТ
Наименование темы Автомобильный транспорт
Тематический подзаголовок Аварии и происшествия
-- Медицинская помощь
-- Лекарственное обеспечение
Системный номер авторитетной/нормативной записи 2601732
Идентификатор авторитетной/нормативной записи RU\NLR\auth\661538290
606 1# - НАИМЕНОВАНИЕ ТЕМЫ КАК ПРЕДМЕТ
Наименование темы НЕСЧАСТНЫЕ СЛУЧАИ ТРАНСПОРТНЫЕ
Код системы rus_mesh
Идентификатор авторитетной/нормативной записи R139
606 1# - НАИМЕНОВАНИЕ ТЕМЫ КАК ПРЕДМЕТ
Наименование темы ACCIDENTS, TRAFFIC
Код системы rus_mesh
Идентификатор авторитетной/нормативной записи E139
606 1# - НАИМЕНОВАНИЕ ТЕМЫ КАК ПРЕДМЕТ
Наименование темы МЕДИЦИНСКОЙ ПОМОЩИ ОКАЗАНИЕ
Тематический подзаголовок организация и управление
Код системы rus_mesh
Идентификатор авторитетной/нормативной записи R3798-7.1
606 1# - НАИМЕНОВАНИЕ ТЕМЫ КАК ПРЕДМЕТ
Наименование темы DELIVERY OF HEALTH CARE
Тематический подзаголовок organization and administration
Код системы rus_mesh
Идентификатор авторитетной/нормативной записи E3798-7.1
606 1# - НАИМЕНОВАНИЕ ТЕМЫ КАК ПРЕДМЕТ
Наименование темы ЛЕКАРСТВЕННОГО ОБЕСПЕЧЕНИЯ СИСТЕМЫ
Тематический подзаголовок организация и управление
Код системы rus_mesh
Идентификатор авторитетной/нормативной записи R8666-5.1
606 1# - НАИМЕНОВАНИЕ ТЕМЫ КАК ПРЕДМЕТ
Наименование темы MEDICATION SYSTEMS
Тематический подзаголовок organization and administration
Код системы rus_mesh
Идентификатор авторитетной/нормативной записи E8666-5.1
686 ## - ИНДЕКСЫ ДРУГИХ КЛАССИФИКАЦИЙ
Индекс 76.31.29
Код системы
686 ## - ИНДЕКСЫ ДРУГИХ КЛАССИФИКАЦИЙ
Индекс 76.75.75
Код системы
686 ## - ИНДЕКСЫ ДРУГИХ КЛАССИФИКАЦИЙ
Индекс N06.850.135.392
Издание 2010
Код системы
686 ## - ИНДЕКСЫ ДРУГИХ КЛАССИФИКАЦИЙ
Индекс N04.590.374 - организация и управление
Издание 2010
Код системы
686 ## - ИНДЕКСЫ ДРУГИХ КЛАССИФИКАЦИЙ
Индекс N05.300 - организация и управление
Издание 2010
Код системы
686 ## - ИНДЕКСЫ ДРУГИХ КЛАССИФИКАЦИЙ
Индекс N04.590.374 - organization and administration
Издание 2010
Код системы
686 ## - ИНДЕКСЫ ДРУГИХ КЛАССИФИКАЦИЙ
Индекс N05.300 - organization and administration
Издание 2010
Код системы
686 ## - ИНДЕКСЫ ДРУГИХ КЛАССИФИКАЦИЙ
Индекс N04.452.528 - организация и управление
Издание 2010
Код системы
686 ## - ИНДЕКСЫ ДРУГИХ КЛАССИФИКАЦИЙ
Индекс N04.452.528 - organization and administration
Издание 2010
Код системы
686 ## - ИНДЕКСЫ ДРУГИХ КЛАССИФИКАЦИЙ
Индекс Р11(2)23
686 ## - ИНДЕКСЫ ДРУГИХ КЛАССИФИКАЦИЙ
Индекс Р35,3
701 #1 - ИМЯ ЛИЦА - АЛЬТЕРНАТИВНАЯ ОТВЕТСТВЕННОСТЬ
Код отношения Автор
Материалы, к которым относится поле rus
Графика поля Кириллица
Начальный элемент ввода Мельникова
Часть имени, кроме начального элемента ввода О. А.
Дополнения к именам, кроме дат д-р фарм. наук, канд. хим. наук
Расширение инициалов личного имени Ольга Александровна
Идентификатор авторитетной/нормативной записи RU\NLR\AUTH\7790390
Системный номер авторитетной/нормативной записи 73317
701 #1 - ИМЯ ЛИЦА - АЛЬТЕРНАТИВНАЯ ОТВЕТСТВЕННОСТЬ
Код отношения Автор
Материалы, к которым относится поле rus
Графика поля Кириллица
Начальный элемент ввода Петров
Часть имени, кроме начального элемента ввода А. Ю.
Дополнения к именам, кроме дат д-р фарм. наук
Расширение инициалов личного имени Александр Юрьевич
Идентификатор авторитетной/нормативной записи RU\NLR\auth\7741554
Системный номер авторитетной/нормативной записи 24502
701 #1 - ИМЯ ЛИЦА - АЛЬТЕРНАТИВНАЯ ОТВЕТСТВЕННОСТЬ
Код отношения Автор
Материалы, к которым относится поле rus
Графика поля Кириллица
Начальный элемент ввода Попов
Часть имени, кроме начального элемента ввода В. П.
Дополнения к именам, кроме дат д-р мед. наук
Расширение инициалов личного имени Виктор Петрович
Идентификатор авторитетной/нормативной записи RU\NLR\AUTH\7790385
Системный номер авторитетной/нормативной записи 73312
701 #1 - ИМЯ ЛИЦА - АЛЬТЕРНАТИВНАЯ ОТВЕТСТВЕННОСТЬ
Начальный элемент ввода Колясников
Часть имени, кроме начального элемента ввода О. В.
Расширение инициалов личного имени Олег Владимирович
Код отношения Автор
712 02 - НАИМЕНОВАНИЕ ОРГАНИЗАЦИИ - ВТОРИЧНАЯ ОТВЕТСТВЕННОСТЬ
Код отношения Прочие
Начальный элемент ввода Уральская государственная медицинская академия
Идентифицирующий признак Екатеринбург
Идентификатор авторитетной/нормативной записи RU\NLR\AUTH\889917897
Системный номер авторитетной/нормативной записи 331934
801 #0 - ИСТОЧНИК ЗАПИСИ
Страна Российская Федерация
Организация ЦНМБ
Дата составления 20100603
Правила каталогизации PSBO
801 #1 - ИСТОЧНИК ЗАПИСИ
Страна Российская Федерация
Организация ЦНМБ
Дата составления 20100603
801 #2 - ИСТОЧНИК ЗАПИСИ
Страна Российская Федерация
Организация ЦНМБ
Дата составления 20100617
801 #2 - ИСТОЧНИК ЗАПИСИ
Страна Российская Федерация
Организация NLR
Дата составления 20100705
Правила каталогизации rcr
942 ## - ДОПОЛНИТЕЛЬНЫЕ ЭЛЕМЕНТЫ ЗАПИСИ (АБИС)
Тип экземпляра АБИС Книга
980 ## - КОЛЛЕКЦИЯ
Название коллекции Национальная библиография
Экземпляры
Тип экземпляра Дата поступления Источник поступления Библиотека постоянного хранения Библиотека текущего хранения Место хранения Шифр хранения Штрих-код Статус экземпляра
Книга 05.07.2010 Обязательный экземпляр РНБ (Московский) РНБ (Московский) Русский книжный фонд: издания с 1957 года 2010-3/22774 3207355  
Книга 05.07.2010 Обязательный экземпляр РНБ (Московский) РНБ (Московский) Русский книжный фонд: издания с 1957 года 2010-3/22774 3207356